|
|
|
|
| LEADER |
00000nab a2200000 a 4500 |
| 001 |
vtls000581643 |
| 003 |
SK-MaSNL |
| 005 |
20260304090114.0 |
| 008 |
250425c1995 xo 0 slo |
| 015 |
|
|
|a SNBRB19rr/mm-uuuuu
|
| 035 |
|
|
|a CL0581781
|
| 035 |
|
|
|a urn:nbn:sk:snk-abak9p
|
| 035 |
|
|
|a (urnnbn)urn:nbn:sk:snk:ar-a0a7rx
|
| 035 |
|
|
|a (uuid)8504e2de-1454-40cb-add4-cf3436efb490
|
| 040 |
|
|
|a SNKBUCL
|b slo
|c SNKBUCL
|e AACR2
|
| 041 |
0 |
|
|a eng
|
| 044 |
|
|
|a xo
|c SK
|
| 080 |
|
|
|a 665.775:678.7.073/.074
|2 1981
|
| 080 |
|
|
|a 678.7.073/.074
|2 1981
|
| 080 |
|
|
|a 691.58
|2 1981
|
| 100 |
1 |
|
|a Vonk, W. C.
|4 aut
|9 1380600
|
| 245 |
1 |
4 |
|a The improvement of asphalt mix performance by SBS-modified binders
|c W. C. Vonk, J. Korenstra, D. J. Jongeneel
|
| 300 |
|
|
|b Obr. 5, tab. 3, lit. 8 zázn. v angl.
|
| 650 |
0 |
7 |
|a asfaltové zmesi
|2 snkbucl
|9 51236
|
| 650 |
0 |
7 |
|a elastoméry termoplastické SBS
|2 snkbucl
|9 1380601
|
| 655 |
|
7 |
|a články z novín a časopisov
|2 snkbucl
|9 267496
|
| 700 |
1 |
|
|a Korenstra, J.
|4 aut
|9 1380602
|
| 700 |
1 |
|
|a Jongeneel, D. J.
|4 aut
|9 1380603
|
| 773 |
0 |
|
|t Petroleum and coal. Ropa a uhlie
|g Roč. 37, č. 4 (1995), s. 44-49
|x 1335-1141
|
| 850 |
|
|
|a Slovenská národná knižnica
|
| 852 |
|
|
|a Slovenská národná knižnica
|
| 958 |
|
|
|a article14
|
| 958 |
|
|
|a NB
|
| 958 |
|
|
|a RK
|
| 958 |
|
|
|a NL
|
| 958 |
|
|
|a OND
|
| 958 |
|
|
|a EUIPO
|
| 992 |
|
|
|a RBX
|
| 999 |
|
|
|c 2810321
|d 2812251
|